000
00409nam a2200133Ia 4500
008
151001s9999||||xx |||||||||||||| ||und||
100
_a
सुभाष मुखोपाध्याय
245
_a
चाहे जितनी दूर जाऊॅ
250
_a
1
260
_b
साहित्य अकादेमी मुंबई
260
_c
1996
300
_a
79
365
_b
21
999
_c
986085
_d
986082